[Event "Challenge"]
[Site "http://www.queenalice.com/game.php?id=139294"]
[Date "2006.12.10"]
[Round "-"]
[White "Karrppov"]
[Black "Luceafarul"]
[Result "1-0"]
[WhiteElo "1913"]
[BlackElo "2030"]

1. d4 Nf6 2. Nc3 g6 3. e4 d6 4. f4 Bg7 5. Nf3 O-O 6. Bd3 Na6 7. O-O c5 8. d5 Rb8
9. Qe1 Nb4 10. Kh1 b5 11. a3 Nxd3 12. cxd3 e6 13. dxe6 Bxe6 14. d4 Bc4 15. Rf2
b4 16. axb4 cxb4 17. Nd1 Qb6 18. e5 Ng4 19. Rd2 dxe5 20. fxe5 Bd5 21. Qg3 Nh6
22. Ne3 Rbd8 23. Rd1 1-0

[Event "Challenge"]
[Site "http://www.queenalice.com/game.php?id=139295"]
[Date "2006.12.10"]
[Round "-"]
[White "Karrppov"]
[Black "m_2788"]
[Result "1-0"]
[WhiteElo "1894"]
[BlackElo "1907"]

1. e4 c5 2. Nf3 Nc6 3. d4 cxd4 4. Nxd4 g6 5. Nc3 Bg7 6. Be3 Nf6 7. Be2 d6 8. O-O
O-O 9. f4 e5 10. Nxc6 bxc6 11. Qe1 d5 12. Rd1 Qa5 13. exd5 exf4 14. Bxf4 cxd5
15. Be5 Bf5 16. Bxf6 Bxf6 17. Nxd5 Qc5+ 18. Qf2 Qxf2+ 19. Rxf2 Bd8 20. c4 Kg7
21. c5 Rc8 22. b4 a5 23. a3 axb4 24. axb4 Re8 25. Bf3 h5 26. Bxh5 Bc2 27. Rxc2
gxh5 28. b5 Ba5 29. b6 Re5 30. b7 1-0

[Event "Let's Play Chess!"]
[Site "http://www.queenalice.com/game.php?id=287714"]
[Date "2007.10.16"]
[Round "-"]
[White "ramongarcia"]
[Black "Karrppov"]
[Result "1-0"]
[WhiteElo "2190"]
[BlackElo "1953"]

1. e4 e5 2. Bc4 Nf6 3. d3 Bc5 4. Nf3 Nc6 5. Nc3 h6 6. Ne2 O-O 7. Ng3 d5 8. exd5
Nxd5 9. O-O Nb6 10. Bb3 a5 11. a3 a4 12. Ba2 Qf6 13. Ne4 Qe7 14. Nxc5 Qxc5 15.
Be3 Nd4 16. c3 Nxf3+ 17. Qxf3 Qd6 18. d4 exd4 19. Rad1 d3 20. Bf4 Qc5 21. Qg3
Bf5 22. Bxh6 g6 23. Bxf8 Rxf8 24. Rfe1 Kg7 25. Qe5+ Qxe5 26. Rxe5 Rd8 27. h3 Kf6
28. Rc5 c6 29. f3 d2 30. Rxf5+ gxf5 31. Kf2 f4 32. Ke2 Rg8 33. Kf2 Rd8 34. h4
Nc8 35. Ke2 Rg8 36. Rf1 Rxg2+ 37. Kd1 1-0

[Event "Challenge"]
[Site "http://www.queenalice.com/game.php?id=287765"]
[Date "2007.10.16"]
[Round "-"]
[White "Karrppov"]
[Black "Augusto123"]
[Result "1-0"]
[WhiteElo "1946"]
[BlackElo "1903"]

1. d4 Nf6 2. Nc3 d5 3. e4 dxe4 4. f3 Bf5 5. g4 Bg6 6. g5 Nd5 7. Nxe4 e6 8. h4
Be7 9. h5 Bf5 10. Nh3 Nc6 11. c3 O-O 12. Bg2 e5 13. dxe5 Nxe5 14. O-O Bxe4 15.
fxe4 Bc5+ 16. Kh1 Ne3 17. Bxe3 Bxe3 18. Rf5 Qe7 19. Qe2 Bb6 20. Raf1 Rad8 21. a4
a6 22. b4 1-0

[Event "Challenge"]
[Site "http://www.queenalice.com/game.php?id=287766"]
[Date "2007.10.16"]
[Round "-"]
[White "Karrppov"]
[Black "lordpaulo"]
[Result "1-0"]
[WhiteElo "1934"]
[BlackElo "2016"]

1. d4 c5 2. dxc5 Nc6 3. Nf3 e5 4. Nc3 Bxc5 5. e4 Nge7 6. Bc4 O-O 7. O-O Ng6 8.
Bg5 Qc7 9. Nd5 Qd6 10. c3 a6 11. b4 Ba7 12. Nf6+ 1-0

[Event "Challenge"]
[Site "http://www.queenalice.com/game.php?id=461499"]
[Date "2008.9.11"]
[Round "-"]
[White "Karrppov"]
[Black "clovis"]
[Result "1/2-1/2"]
[WhiteElo "2054"]
[BlackElo "2010"]

1. d4 d5 2. Nc3 Nf6 3. e4 dxe4 4. f3 Bf5 5. Bc4 e3 6. Bxe3 e6 7. Nge2 Bb4 8. O-O
O-O 9. Qe1 c6 10. a3 Bd6 11. Bb3 Nbd7 12. Ng3 Bg6 13. Rd1 Qc7 14. f4 Nd5 15.
Nxd5 cxd5 16. Qe2 Nf6 17. Rc1 Ne4 18. c4 Nxg3 19. hxg3 dxc4 20. Bxc4 Qe7 21. g4
Be4 22. Qf2 Rac8 23. Be2 Bd5 24. Bf3 Bxf3 25. Qxf3 a6 26. Bd2 Qd7 27. Rc3 Rxc3
28. Bxc3 Rc8 29. f5 exf5 30. gxf5 Be7 31. d5 Qd8 32. Re1 Bf6 33. d6 Bxc3 34.
bxc3 Qxd6 35. Qxb7 Qc5+ 36. Kh1 Qxc3 37. Qe4 Qxa3 38. f6 Qd6 39. Qg4 Qf8 40. Qa4
gxf6 41. Qxa6 Qh6+ 42. Kg1 Rc5 43. Qd3 Kg7 44. Re3 Rc1+ 45. Kf2 Rc5 46. Rg3+ Rg5
47. Qd4 Rxg3 48. Kxg3 Qg5+ 49. Kf2 h5 50. Qd6 h4 51. Qd7 f5 52. Qd4+ Qf6 53. Qf4
Qh6 54. Qe5+ Qf6 55. Qf4 Kg6 56. Kg1 Qa1+ 57. Kh2 Qe1 58. Qd6+ f6 59. Qf8 Qg3+
60. Kh1 f4 61. Qg8+ Kf5 62. Qd5+ Kg6 1/2-1/2

[Event "Challenge"]
[Site "http://www.queenalice.com/game.php?id=461503"]
[Date "2008.9.11"]
[Round "-"]
[White "Karrppov"]
[Black "Arikalevi"]
[Result "0-1"]
[WhiteElo "1993"]
[BlackElo "2116"]

1. d4 Nf6 2. Nc3 d5 3. e4 dxe4 4. f3 exf3 5. Nxf3 Bg4 6. Bd3 e6 7. O-O Be7 8.
Kh1 O-O 9. h3 Bh5 10. Be3 Nbd7 11. Qe1 c5 12. Rd1 Qc7 13. Qh4 a6 14. Bg5 h6 15.
g4 hxg5 16. Nxg5 Bd6 17. Rf3 cxd4 18. Nce4 Bg6 19. Rxf6 Nxf6 20. Rf1 Qc6 21.
Rxf6 gxf6 22. Kg1 fxg5 23. Qxg5 Rfc8 24. Nf6+ Kf8 25. Qh6+ Ke7 26. Bxg6 Qf3 27.
g5 d3 28. Ne4 Bh2+ 29. Kxh2 Rxc2+ 30. Kg1 Qg2# 0-1

[Event "Challenge"]
[Site "http://www.queenalice.com/game.php?id=461505"]
[Date "2008.9.11"]
[Round "-"]
[White "lucas10demais"]
[Black "Karrppov"]
[Result "0-1"]
[WhiteElo "1826"]
[BlackElo "1982"]

1. e4 e5 2. Nf3 d5 3. exd5 Bd6 4. c4 Nf6 5. Nc3 O-O 6. Bd3 e4 7. Nxe4 Re8 8. O-O
Nxe4 9. Bxe4 Rxe4 10. d3 Re8 11. b3 c6 12. Bb2 cxd5 13. Qd2 Bg4 14. Qc3 f6 15.
Nd4 Be5 16. h3 Bh5 17. Qb4 Bxd4 18. Bxd4 Nc6 19. Qc3 dxc4 20. dxc4 Qxd4 21. Qc1
Re2 22. a3 Rd8 23. b4 Ne5 24. Rd1 Qxf2+ 0-1

[Event "Challenge"]
[Site "http://www.queenalice.com/game.php?id=490223"]
[Date "2008.11.8"]
[Round "-"]
[White "zonszein"]
[Black "Karrppov"]
[Result "0-1"]
[WhiteElo "2067"]
[BlackElo "2012"]

1. e4 c6 2. d4 d5 3. Nc3 dxe4 4. Nxe4 Nf6 5. Nxf6+ exf6 6. Bc4 Bd6 7. Qe2+ Qe7
8. Qxe7+ Bxe7 9. Bf4 O-O 10. O-O-O Nd7 11. Re1 Re8 12. Nf3 Nb6 13. Bb3 Bg4 14.
Nd2 Bb4 15. c3 Bf8 16. Ne4 a5 17. a4 Be6 18. Bc2 Nd5 19. Bd6 Bxd6 20. Nxd6 Re7
21. g3 Rd8 22. Ne4 b6 23. f4 g6 24. Bd3 Kg7 25. Rhf1 Bf5 26. Nf2 Bxd3 27. Nxd3
Ne3 28. Rf2 c5 29. Rfe2 cxd4 30. cxd4 Rc7+ 31. Kb1 Nf5 32. Nf2 Rxd4 33. Rd1 Rxa4
34. Re8 Rd4 35. Rxd4 Nxd4 36. Rd8 Nf3 37. Rd6 Nxh2 38. Rxb6 f5 39. Rb5 a4 40.
Rb4 Ra7 41. Kc2 Nf1 42. Nh1 a3 43. bxa3 Rxa3 44. Rb3 Ra2+ 45. Rb2 Rxb2+ 46. Kxb2
Kh6 0-1

[Event "Challenge"]
[Site "http://www.queenalice.com/game.php?id=490224"]
[Date "2008.11.8"]
[Round "-"]
[White "Karrppov"]
[Black "zonszein"]
[Result "1-0"]
[WhiteElo "1992"]
[BlackElo "2089"]

1. Nf3 c5 2. e4 d6 3. d4 cxd4 4. Qxd4 Nc6 5. Bb5 Bd7 6. Bxc6 Bxc6 7. c4 Nf6 8.
Nc3 g6 9. O-O Bg7 10. Qd3 O-O 11. Nd4 Qa5 12. f3 a6 13. Be3 Qc7 14. Rad1 Rac8
15. b3 Rfd8 16. Kh1 b6 17. Nxc6 Qxc6 18. Nd5 Nxd5 19. exd5 Qb7 20. Bd4 Bxd4 21.
Qxd4 b5 22. Rc1 bxc4 23. bxc4 Rc5 24. f4 Rb8 25. f5 Qb2 26. Qh4 Rc7 27. fxg6
hxg6 28. Rce1 Rcb7 29. Rxe7 Rxe7 30. Qxe7 Qf2 31. Rg1 Qc5 32. h3 Qxc4 33. Qxd6
Re8 34. Qc6 Qe4 35. Rd1 Qe2 36. Rc1 Re3 37. d6 Qd2 38. Rf1 Qe2 39. Kg1 Rd3 40.
Qc4 Kh8 41. Qxf7 Rd1 42. Qf8+ Kh7 43. Qe7+ 1-0

[Event "Challenge"]
[Site "http://www.queenalice.com/game.php?id=490225"]
[Date "2008.11.8"]
[Round "-"]
[White "Karrppov"]
[Black "butanito"]
[Result "1-0"]
[WhiteElo "2030"]
[BlackElo "2226"]

1. Nf3 Nf6 2. d4 g6 3. c4 Bg7 4. Nc3 O-O 5. g3 d6 6. Bg2 Nc6 7. O-O Bf5 8. Bg5
Ne4 9. Bf4 Nxc3 10. bxc3 Be4 11. Qb3 Na5 12. Qa4 b6 13. Rad1 Qe8 14. Qxe8 Rfxe8
15. Nd2 Bxg2 16. Kxg2 e5 17. Be3 c5 18. d5 f5 19. Rfe1 h6 20. h4 Re7 21. Rc1 Rf8
22. f3 Rfe8 23. h5 g5 24. Rf1 e4 25. f4 g4 26. a4 Bf6 27. Rc2 Rb8 28. Rb1 Kf7
29. Kf2 Reb7 30. Kg2 Ke7 31. Bf2 Kd7 32. e3 Kc7 33. Rcc1 a6 34. Ra1 Ra7 35. Rab1
Bg7 36. Rc2 1-0

[Event "Let's Play Chess!"]
[Site "http://www.queenalice.com/game.php?id=700678"]
[Date "2009.12.21"]
[Round "-"]
[White "Karrppov"]
[Black "Conde7"]
[Result "0-1"]
[WhiteElo "2107"]
[BlackElo "2692"]

1. d4 Nf6 2. c4 e6 3. Nf3 b6 4. Nc3 Bb7 5. g3 Bb4 6. Qc2 Nc6 7. Bg2 Nxd4 8. Qd3
Bxc3+ 9. Qxc3 e5 10. Be3 c5 11. Qd2 O-O 12. O-O Qc7 13. Rfd1 d6 14. Nh4 Bxg2 15.
Kxg2 Rfe8 16. Rac1 Rad8 17. Bg5 Qb7+ 18. f3 e4 19. Re1 d5 20. Bxf6 gxf6 21. Qf4
dxc4 22. Qxf6 Qd5 23. f4 Rd6 0-1

[Event "Let's Play Chess!"]
[Site "http://www.queenalice.com/game.php?id=1356399"]
[Date "2015.4.30"]
[Round "-"]
[White "Karrppov"]
[Black "dnptrs"]
[Result "0-1"]
[WhiteElo "2106"]
[BlackElo "2220"]

1. e4 c5 2. Nf3 e6 3. d4 cxd4 4. Nxd4 Nf6 5. Nc3 d6 6. Be2 Nc6 7. Be3 Be7 8. O-O
O-O 9. Qd2 Nxd4 10. Bxd4 a6 11. f4 b5 12. e5 Ne8 13. Rad1 Bb7 14. Qe3 Qc7 0-1